000 00300pab a2200121 454500
008 180718b xxu||||| |||| 00| 0 eng d
100 _aJaising, Indira
245 _aAre special courts necessary?
650 _a Special Courts
650 _aJustice Administration of
773 _aHindus
909 _a22672
999 _c22672
_d22672